| 000 | 00527nam a22001817a 4500 | ||
|---|---|---|---|
| 003 | OSt | ||
| 005 | 20220421062602.0 | ||
| 008 | 170627b xxu||||| |||| 00| 0 eng d | ||
| 020 | _a9960800237 | ||
| 040 |
_aMMU _beng _cMMU _dMMU |
||
| 050 | _aBP173.4 .A4W697 | ||
| 100 | _aDr. Al-Sheha, Abdul-Rahman. | ||
| 245 |
_aWoman in Islam: _band refutation of some common misconceptions/ _cDr. Abdul-Rahman Al-Shahe |
||
| 300 | _a107 p.: | ||
| 650 | _aWomen in Islam | ||
| 700 | _aDr. Abdul-Rahman, AlSheha. | ||
| 942 |
_2lcc _cLOAN LOAN |
||
| 999 |
_c29750 _d29749 |
||